|
|
|
|
| LEADER |
00986nam a2200229 a 4500 |
| 001 |
GR-Patra15307 |
| 008 |
030430s1986 gr g 000 0 gre d |
| 020 |
|
|
|a 9602601256
|
| 040 |
|
|
|a GrPaTEI
|b gre
|c GR-PaULI
|
| 040 |
|
|
|a GrPaTEI
|b gre
|c GR-PaULI
|
| 082 |
|
0 |
|a 621.31
|2 2
|
| 100 |
1 |
|
|a Ντοκόπουλος, Πέτρος
|
| 245 |
1 |
0 |
|a Εισαγωγή στα συστήματα ηλεκτρικής ενέργειας /
|c Πέτρος Ντοκόπουλος
|n 1/.
|
| 260 |
|
|
|a Θεσσαλονίκη
|a Παρατηρητής,
|c 1986
|
| 300 |
|
|
|a 452σ. :
|b σχημ.
|
| 504 |
|
|
|a Βιβλιογραφία: σ.445-452
|
| 650 |
|
4 |
|a ΗΛΕΚΤΡΙΚΗ ΕΝΕΡΓΕΙΑ
|
| 710 |
0 |
|
|a Παρατηρητής
|
| 942 |
|
|
|2 ddc
|
| 952 |
|
|
|0 0
|1 0
|2 ddc
|4 0
|6 621_310000000000000_ΝΤΟ
|7 0
|9 294126
|a LISK
|b LISK
|c BSC
|d 2021-01-17
|e 24
|f 0
|g 0.00
|l 0
|o 621.31 ΝΤΟ
|p 92410019621
|r 2021-01-17 00:00:00
|t 1
|w 2021-01-17
|y BK15
|x 20030430 0 1
|x GrPaTEI
|
| 971 |
|
|
|a .b26628223
|b 15-04-20
|c 23-09-16
|
| 999 |
|
|
|c 171914
|d 171914
|